Phases finales de la Ligue Europa Conférence 2023-2024. - Statistiques

Statistiques générales
  • Ce quiz a été pris 65 fois
    0 depuis la dernière actualisation
  • Le résultat moyen est 0 sur 24
Statistiques - réponses
Réponse % Correct
Flag_of_Belgium_%28civil%29.svg KAA La Gantoise
0%
20px-Flag_of_Poland.svg.png Legia Varsovie
0%
20px-Flag_of_Croatia.svg.png Dinamo Zagreb
0%
20px-Flag_of_Austria.svg.png Sturm Graz
0%
20px-Flag_of_Greece.svg.png Olympiakos
0%
20px-Flag_of_Greece.svg.png PAOK Salonique
0%
20px-Flag_of_Belgium_%28civil%29.svg.png Club Bruges
0%
20px-Flag_of_Belgium_%28civil%29.svg.png Union saint-gilloise
0%
20px-Flag_of_Bulgaria.svg.png Ludogorets Razgrad
0%
20px-Flag_of_Spain.svg.png Real Betis
0%
20px-Flag_of_Turkey.svg.png Fenerbahçe SK
0%
20px-Flag_of_Germany.svg.png Eintracht Francfort
0%
20px-Flag_of_Hungary.svg.png Ferencváros TC
0%
20px-Flag_of_the_Czech_Republic.svg.png Viktoria Plzeň
0%
20px-Flag_of_France_%281976%E2%80%932020%29.svg.png Lille OSC
0%
20px-Flag_of_Israel.svg.png Maccabi Haïfa
0%
20px-Flag_of_Israel.svg.png Maccabi Tel-Aviv
0%
20px-Flag_of_Norway.svg.png FK Bodø/Glimt
0%
20px-Flag_of_Norway.svg.png Molde FK
0%
20px-Flag_of_Slovakia.svg.png Slovan Bratislava
0%
8d2f7f543b-235.webp Aston Villa
0%
42.webp Servette FC
0%
7.webp Ajax Amsterdam
0%
9.webp ACF Fiorentina
0%
Aucun quiz correspondant
Distribution des résultats
% des personnes avec chaque résultat
Percentile par nombre de réponses
Votre historique - résultats
Vous n’avez pas pris ce quiz depuis la dernière actualisation